<?xml version="1.0" encoding="UTF-8"?>
<record
    xmlns:xsi="http://www.w3.org/2001/XMLSchema-instance"
    xsi:schemaLocation="http://www.loc.gov/MARC21/slim http://www.loc.gov/standards/marcxml/schema/MARC21slim.xsd"
    xmlns="http://www.loc.gov/MARC21/slim">

  <leader>00665nam a22001697a 4500</leader>
  <controlfield tag="005">20150124121516.0</controlfield>
  <controlfield tag="008">110531t        mx||||| |||| 00| 0 spa d</controlfield>
  <datafield tag="050" ind1="0" ind2="4">
    <subfield code="a">F1219.1 .M55 </subfield>
    <subfield code="b">R48 1948</subfield>
  </datafield>
  <datafield tag="110" ind1="2" ind2=" ">
    <subfield code="a">Reunion de Mesa Redonda sobre problemas Antropologicos de Mexico  y centroamerica (4a : 1948)</subfield>
  </datafield>
  <datafield tag="245" ind1="0" ind2="3">
    <subfield code="a">El Occidente de M&#xE9;xico : Michoac&#xE1;n /</subfield>
    <subfield code="c">Sociedad Mexicana de Antropolog&#xED;a.</subfield>
  </datafield>
  <datafield tag="250" ind1=" " ind2=" ">
    <subfield code="a">1a ed.</subfield>
  </datafield>
  <datafield tag="260" ind1=" " ind2=" ">
    <subfield code="a">M&#xE9;xico :</subfield>
    <subfield code="b">Sociedad Mexicana de Antropolog&#xED;a,</subfield>
    <subfield code="c">1948</subfield>
  </datafield>
  <datafield tag="300" ind1=" " ind2=" ">
    <subfield code="a">p.v.</subfield>
    <subfield code="c">21cm.</subfield>
  </datafield>
  <datafield tag="650" ind1=" " ind2="7">
    <subfield code="2">Lemb</subfield>
    <subfield code="a">Antropolog&#xED;a</subfield>
    <subfield code="x">Antiguedades</subfield>
    <subfield code="z">M&#xE9;xico, y Centroamerica</subfield>
  </datafield>
  <datafield tag="651" ind1=" " ind2="7">
    <subfield code="2">Lemb</subfield>
    <subfield code="a">M&#xE9;xico, y Centroamerica</subfield>
    <subfield code="v">Congresos</subfield>
    <subfield code="x">Historia</subfield>
  </datafield>
  <datafield tag="942" ind1=" " ind2=" ">
    <subfield code="2">ddc</subfield>
    <subfield code="c">LIB</subfield>
  </datafield>
  <datafield tag="999" ind1=" " ind2=" ">
    <subfield code="c">9137</subfield>
    <subfield code="d">9137</subfield>
  </datafield>
  <datafield tag="952" ind1=" " ind2=" ">
    <subfield code="1">0</subfield>
    <subfield code="2">lcc</subfield>
    <subfield code="4">0</subfield>
    <subfield code="7">0</subfield>
    <subfield code="a">INV-033</subfield>
    <subfield code="b">INV-033</subfield>
    <subfield code="c">FM</subfield>
    <subfield code="d">2011-05-31</subfield>
    <subfield code="f">1</subfield>
    <subfield code="k">CA</subfield>
    <subfield code="o">F1219 .1 .M55 R48 1948</subfield>
    <subfield code="p">IIH000007971</subfield>
    <subfield code="r">2015-01-16 00:00:00</subfield>
    <subfield code="t">C:1</subfield>
    <subfield code="v">1.00</subfield>
    <subfield code="y">LIB</subfield>
    <subfield code="z">MICHOAC&#xC1;N</subfield>
  </datafield>
</record>
